header

The lure of the edge (Record no. 180844)

MARC details
000 -LEADER
fixed length control field 01169nam a2200289Ia 4500
100 1# - MAIN ENTRY--AUTHOR NAME
Personal name Denzler, Brenda.
245 14 - TITLE STATEMENT
Title The lure of the edge
260 ## - PUBLICATION, DISTRIBUTION, ETC. (IMPRINT)
Place of publication Berkeley :
Name of publisher University of California Press,
Year of publication 2001.
300 ## - PHYSICAL DESCRIPTION
Number of Pages 315 p.
650 #0 - SUBJECT ADDED ENTRY--TOPICAL TERM
Topical Term Alien abduction.
Topical Term Human-alien encounters.
Topical Term Unidentified flying objects
Topical Term Religion and science
856 40 - ELECTRONIC LOCATION AND ACCESS
Uniform Resource Identifier http://site.ebrary.com/lib/rucke/Doc?id=10048977

No items available.

© 2026 Rongo University
Contact us: librarian | system librarian | Rongo university